| 000 | 00513nam a22002057a 4500 | ||
|---|---|---|---|
| 003 | OSt | ||
| 005 | 20140310181916.0 | ||
| 008 | 130716t xxu||||| |||| 00| 0 eng d | ||
| 020 | _a9781932855715 | ||
| 050 |
_aQM 27 _b.H918 2007 |
||
| 082 |
_aTR 500 _bH88 2007 |
||
| 245 | _aHuman body challenge. | ||
| 260 |
_aChina : _bBecker and Meyer, _cc2007. |
||
| 300 |
_a122 p. _bill. ; col. ; _c18 cm. |
||
| 521 | _aFaculty | ||
| 541 | _j1 | ||
| 562 | _e1 | ||
| 650 | _2Science | ||
| 942 |
_2lcc _cBK-TR _kTR |
||
| 999 |
_c6769 _d6769 |
||